| 000 | 01085nam a22003377a 4500 | ||
|---|---|---|---|
| 003 | CHAP | ||
| 005 | 20220329143500.0 | ||
| 008 | 100118s1997 mx a r 00010 spa d | ||
| 010 | _a97316 | ||
| 011 | _a98288 | ||
| 020 | _a968-29-9815-8 v.2 | ||
| 020 | _a968299814X v.1 | ||
| 035 | _a108972 | ||
| 040 | _cCHAP | ||
| 082 | 0 | 4 |
_a615.1 _bF39 |
| 100 | 1 |
_aFernández Sánchez, Eduardo. _940303 |
|
| 245 | 1 | 0 |
_aBiofarmacia _c/por Eduardo Fernández Sánchez |
| 260 |
_aMéxico, D.F. : _bIPN, _c1997 |
||
| 300 |
_a473 p. : _bilus. |
||
| 500 | _aLa biblioteca tiene : v.1, v.2 | ||
| 590 |
_aBATCH-UPD _b10 _c20130110 _lUCH01 _h1923 |
||
| 590 |
_aBATCH-UPD _b10 _c20130410 _lUCH01 _h1249 |
||
| 590 |
_aBATCH-UPD _b10 _c20130914 _lUCH01 _h1352 |
||
| 590 |
_aCONVERSION _b10 _c20130109 _lUCH01 _h1354 |
||
| 650 | 0 | 4 |
_aFarmacología. _939762 |
| 650 | 0 | 4 |
_aFarmacopea. _939766 |
| 901 | _aBK | ||
| 942 | _cLIBRO | ||
| 949 |
_a615.1 F39 _bBC _cLIBRO _d33724002117033 _eLIBRO _fv.2 _gI.c/e _h111644 _i108972 _sb |
||
| 949 |
_a615.1 F39 _bBC _cLIBRO _d33724002231652 _eLIBRO _fv.1 _gDonaciØn _h114171 _i108972 _sb |
||
| 999 |
_c97316 _d97316 |
||